| 000 | 00529nam a2200181Ia 4500 | ||
|---|---|---|---|
| 008 | 100917s9999 xx 000 0 und d | ||
| 082 | _b44877 | ||
| 100 | _aइनामदार ना. सं. | ||
| 245 | _aराऊ (आ. 3 री.) | ||
| 260 |
_bकॉन्टिनेंटल प्रकाशन _c1979 |
||
| 300 | _a418 | ||
| 365 | _b25 | ||
| 520 | _aकादंबरी | ||
| 630 | _aराऊ (आ. 3 री.) | ||
| 650 | _aकादंबरी | ||
| 730 | _aराऊ (आ. 3 री.) | ||
| 942 | _cBOOK | ||
| 999 |
_c650271 _d650268 |
||